000
00293nam a22001217a 4500
008
180104b xxu||||| |||| 00| 0 eng d
041
_a
eng
080
_a
91
100
_a
16
101
_a
HIS
245
_a
NICHOLAS KALDOR WITHFOREWORD BY SIR DOUGLAS
_c
ANNTHOMNY.TH.P
942
_2
udc
_c
BK
999
_c
39683
_d
39683